Most Common Male First Names in India - Statistics

General Stats
  • This quiz has been taken 109 times
  • The average score is 8 of 50
Answer Stats
Rank Name Incidence Rate % Correct
28 Raj 1,897,032 1:640
69%
19 Mo 2,488,272 1:488
59%
1 Ram 5,648,344 1:215
59%
33 Krishna 1,752,237 1:693
47%
66 Rahul 1,335,371 1:910
44%
65 Shiv 1,340,960 1:906
44%
2 Mohammed 4,230,997 1:287
41%
48 Ravi 1,471,532 1:826
28%
16 Suresh 2,633,934 1:461
28%
20 Abdul 2,420,419 1:502
25%
38 Ajay 1,616,498 1:752
25%
11 Ramesh 2,758,505 1:440
25%
8 Sunil 3,048,070 1:399
22%
17 Vijay 2,553,987 1:476
22%
15 Anil 2,634,591 1:461
19%
88 Prem 1,047,588 1:1,160
19%
7 Sanjay 3,188,335 1:381
19%
42 Amit 1,520,435 1:799
16%
63 Arun 1,343,634 1:904
16%
67 Mahesh 1,330,573 1:913
16%
47 Mohan 1,477,035 1:823
16%
64 Rama 1,342,178 1:905
16%
56 Ganesh 1,423,955 1:853
13%
75 Mahendra 1,223,776 1:993
13%
14 Manoj 2,692,760 1:451
13%
9 Rajesh 2,910,994 1:417
13%
22 Raju 2,283,163 1:532
13%
32 Rakesh 1,784,228 1:681
13%
25 Vinod 2,117,531 1:574
13%
69 Kamal 1,320,921 1:920
9%
70 Prakash 1,300,466 1:934
9%
46 Shankar 1,478,048 1:822
9%
36 Dilip 1,640,113 1:741
6%
31 Dinesh 1,810,379 1:671
6%
61 Gopal 1,390,750 1:874
6%
41 Mukesh 1,531,557 1:793
6%
27 Rajendra 1,981,905 1:613
6%
12 Ashok 2,714,496 1:448
3%
68 Jitendra 1,329,367 1:914
3%
35 Kiran 1,647,333 1:737
3%
83 Narayan 1,137,189 1:1,068
3%
6 Santosh 3,415,372 1:356
3%
81 Subhash 1,153,131 1:1,054
3%
72 Surendra 1,261,709 1:963
3%
34 Mina 1,748,292 1:695
0%
84 Pradip 1,097,829 1:1,107
0%
79 Pramod 1,187,047 1:1,023
0%
71 Saroj 1,275,798 1:952
0%
26 Suman 2,015,154 1:603
0%
40 Urmila 1,553,348 1:782
0%
No matching quizzes found
Score Distribution
Percent of People with Each Score
Percentile by Number Answered
Your Score History
You have not taken this quiz